|
|
|
|
| LEADER |
01747nim a2200505 i 4500 |
| 001 |
001519726 |
| 003 |
CZ BrMZK |
| 005 |
20160502064546.0 |
| 007 |
sd fungnnmmned |
| 008 |
160405p20152010xr ||nne f n cze |
| 015 |
|
|
|a cnb002764437
|
| 024 |
3 |
|
|a 8590442095570
|
| 028 |
0 |
1 |
|a 59557-2
|b Fonia
|
| 040 |
|
|
|a BOA001
|b cze
|e rda
|
| 072 |
|
7 |
|a 821.162.3-3
|x Česká próza
|2 Konspekt
|9 25
|
| 080 |
|
|
|a 821.162.3-31
|2 MRF
|
| 080 |
|
|
|a (0:82-311.5)
|2 MRF
|
| 080 |
|
|
|a (086.7)08
|2 MRF
|
| 080 |
|
|
|a (086.76)
|2 MRF
|
| 100 |
1 |
|
|a Švandrlík, Miloslav,
|d 1932-2009
|7 jk01131832
|4 aut
|
| 245 |
0 |
0 |
|a Černí baroni, aneb, Válčili jsme za Čepičky /
|c Miloslav Švandrlík
|
| 246 |
3 |
0 |
|a Válčili jsme za Čepičky
|
| 264 |
|
1 |
|a Praha :
|b FONIA,
|c [2015]
|
| 300 |
|
|
|a 1 audiodisk (4 hod., 25 min.) ;
|c 12 cm
|
| 306 |
|
|
|a 042500
|
| 336 |
|
|
|a mluvené slovo
|b spw
|2 rdacontent
|
| 337 |
|
|
|a audio
|b s
|2 rdamedia
|
| 338 |
|
|
|a audiodisk
|b sd
|2 rdacarrier
|
| 344 |
|
|
|a digital
|b optical
|2 rda
|
| 347 |
|
|
|a audio soubor
|b MP3
|2 rda
|
| 500 |
|
|
|a Název z disku
|
| 500 |
|
|
|a Fonogram 2010 Fonia
|
| 508 |
|
|
|a Úprava a režie František Špergr
|
| 511 |
0 |
|
|a Čte Miroslav Donutil
|
| 518 |
|
|
|a Nahráno ve studiu MI 91 v květnu 2010
|
| 655 |
|
7 |
|a české romány
|7 fd133974
|2 czenas
|
| 655 |
|
7 |
|a humoristické romány
|7 fd132431
|2 czenas
|
| 655 |
|
7 |
|a audioknihy
|7 fd119452
|2 czenas
|
| 655 |
|
7 |
|a kompaktní desky
|7 fd201991
|2 czenas
|
| 700 |
1 |
|
|a Špergr, František
|7 jx20061103023
|4 adp
|4 drt
|
| 700 |
1 |
|
|a Donutil, Miroslav,
|d 1951-
|7 jn19990009817
|4 stl
|
| 910 |
|
|
|a BOA001
|b CDR-1365.541
|
| 990 |
|
|
|a AV
|
| 991 |
|
|
|b 201605
|c NOV
|
| 996 |
6 |
|
|b 2610666217
|c CDR-1365.541
|l MZK
|r Sklad / do 24 hodin
|n 1
|p p.v.
|w 001555012
|u 000010
|a 1
|e BOA001
|j MZK50
|s P
|